000 00707nam a2200193Ia 4500
003 0
005 20250130142854.0
008 150126s9999 xx 000 0 und d
050 _aPHS LB 1601
_b.P181 2014
100 _aPalo, Mikayla Rose D.
245 _aStudy habits and time management of grade 11 SISC students /
_cMikayla Rose D. Palo.
260 _aLas PiƱas City, Philippines :
_bSouthville International School and Colleges,
_c2014.
300 _a24 pages :
_billustration ;
_c28 cm.
504 _aIncludes bibliographical references.
650 _aAcademic achievement
_vStudy habits.
650 _aTime management
_vStudents.
650 _aLearning strategies
_vAdolescents.
942 _2lcc
_cPASS
999 _c278700
_d278700